The creative community : (Record no. 352528)

000 -LEADER
fixed length control field 01698 a2200265 4500
003 - CONTROL NUMBER IDENTIFIER
control field OSt
005 - DATE AND TIME OF LATEST TRANSACTION
control field 20180116192337.0
008 - FIXED-LENGTH DATA ELEMENTS--GENERAL INFORMATION
fixed length control field 120517t xxu||||| |||| 00| 0 eng d
020 ## - INTERNATIONAL STANDARD BOOK NUMBER
International Standard Book Number 1920744150 (hardcover)
020 ## - INTERNATIONAL STANDARD BOOK NUMBER
International Standard Book Number 9781920744151 (hardcover)
040 ## - CATALOGING SOURCE
Transcribing agency 0
082 04 - DEWEY DECIMAL CLASSIFICATION NUMBER
Classification number 711.4
100 1# - MAIN ENTRY--PERSONAL NAME
Personal name Swaback, Vernon D.
9 (RLIN) 1599
245 14 - TITLE STATEMENT
Title The creative community :
Remainder of title designing for life /
Statement of responsibility, etc. Vernon D. Swaback.
260 ## - PUBLICATION, DISTRIBUTION, ETC.
Place of publication, distribution, etc. Victoria :
Name of publisher, distributor, etc. Images Publishing Dist A/C,
Date of publication, distribution, etc. 2003.
300 ## - PHYSICAL DESCRIPTION
Extent 272 p. :
Other physical details ill.;
Dimensions 31 cm.
520 ## - SUMMARY, ETC.
Summary, etc. This extraordinary collection of thoughts and images adds up to a positive prophecy for a future in which the architecture and stewardship of daily life becomes humanity's greatest work of art. It is a future where standardised codes and arguments give way to commitment, creativity and beauty - where our deepest needs and desires are holistically embraced by thoughtful design. The Creative Community by Vernon D. Swaback is a journey through ideas and places, stretching our imaginations and inspiring us to move beyond our patterns of production-driven uniformity. This book is both invitation and guide for giving our best to the future by first creating it for ourselves. It illuminates a subject that is most often buried in planner's jargon, making it as personal as our own homes, which of course it is.
650 ## - SUBJECT ADDED ENTRY--TOPICAL TERM
Topical term or geographic name entry element Architecture and society
9 (RLIN) 1600
650 ## - SUBJECT ADDED ENTRY--TOPICAL TERM
Topical term or geographic name entry element City planning
9 (RLIN) 1601
650 ## - SUBJECT ADDED ENTRY--TOPICAL TERM
Topical term or geographic name entry element Planned communities
9 (RLIN) 1602
651 ## - SUBJECT ADDED ENTRY--GEOGRAPHIC NAME
Geographic name United States
9 (RLIN) 1603
856 40 - ELECTRONIC LOCATION AND ACCESS
Materials specified Amazon.com
Uniform Resource Identifier <a href="http://www.amazon.com/exec/obidos/ASIN/1920744150/chopaconline-20">http://www.amazon.com/exec/obidos/ASIN/1920744150/chopaconline-20</a>
942 ## - ADDED ENTRY ELEMENTS (KOHA)
Institution code [OBSOLETE] SADA
Koha item type Book
Call number prefix 711.4 SWA 2003
Source of classification or shelving scheme
Holdings
Withdrawn status Lost status Source of classification or shelving scheme Damaged status Not for loan Permanent Location Current Location Date acquired Total Checkouts Total Renewals Full call number Barcode Date last seen Date last checked out Cost, replacement price Price effective from Koha item type
          School of Art Design and Architecture (SADA) School of Art Design and Architecture (SADA) 12/03/2010 9 3 711.4 SWA 2003 SADA0000481 10/15/2025 09/22/2025 4291.00 08/05/2011 Book
© 2023 Central Library, National University of Sciences and Technology. All Rights Reserved.